[Event "Asia-ch Rapid U20 Girls"]
[Site "Jamshedpur"]
[Date "2023.09.08"]
[Round "6"]
[White "Harshini, A1111"]
[Black "Bristy, Mukherjee"]
[Result "0-1"]
[WhiteElo "1331"]
[BlackElo "1695"]
[PlyCount "110"]
[EventDate "2023.09.08"]
[EventType "swiss (rapid)"]
[EventRounds "9"]
[EventCountry "IND"]
[SourceTitle "EXT 2024"]
[Source "ChessBase"]
[SourceDate "2023.10.10"]
[SourceVersion "1"]
[SourceVersionDate "2023.10.10"]
[SourceQuality "1"]

1. e4 g6 2. d4 Bg7 3. Nc3 c5 4. Nf3 cxd4 5. Nxd4 Nc6 6. Be3 Qa5 7. Qd2 Nf6 8. Be2 Nxe4 9. Nxc6 Qxc3 10. bxc3 Nxd2 11. Kxd2 dxc6 12. Rab1 b6 13. f4 Be6 14. Bf3 0-0-0+ 15. Ke2 Kb7 16. a4 Bxc3 17. Rhd1 Ba2 18. Rxd8 Rxd8 19. Rh1 Bc4+ 20. Kf2 Bd5 21. g4 Bxf3 22. Kxf3 b5 23. axb5 cxb5 24. h4 a5 25. h5 a4 26. hxg6 hxg6 27. Bc5 Kc6 28. Bxe7 Rd7 29. Bf8 b4 30. Rb1 Kb5 31. Ke4 a3 32. f5 a2 33. Rf1 a1Q 34. Rxa1 Bxa1 35. fxg6 fxg6 36. Bh6 Kc4 37. Bf4 Bg7 38. Bg3 Re7+ 39. Kf3 Kc3 40. Bd6 Rd7 41. Bc5 Bf8 42. Bxf8 Rf7+ 43. Ke4 Rxf8 44. Ke5 Kxc2 45. g5 b3 46. Ke6 b2 47. Ke7 Rf3 48. Ke6 b1Q 49. Ke5 Qe1+ 50. Kd5 Rd3+ 51. Kc4 Qe4+ 52. Kb5 Rd5+ 53. Kc6 Qe6+ 54. Kc7 Rd7+ 55. Kc8 Qe8# 0-1

[Event "Asia-ch Rapid U20 Girls"]
[Site "Jamshedpur"]
[Date "2023.09.08"]
[Round "1"]
[White "Poorvi, Rajpoot"]
[Black "Bristy, Mukherjee"]
[Result "1/2-1/2"]
[WhiteElo "1301"]
[BlackElo "1695"]
[PlyCount "38"]
[EventDate "2023.09.08"]
[EventType "swiss (rapid)"]
[EventRounds "9"]
[EventCountry "IND"]
[SourceTitle "EXT 2024"]
[Source "ChessBase"]
[SourceDate "2023.10.10"]
[SourceVersion "1"]
[SourceVersionDate "2023.10.10"]
[SourceQuality "1"]

1. e4 g6 2. Nf3 Bg7 3. d4 c5 4. c4 cxd4 5. Nxd4 Nc6 6. Be3 Nf6 7. Nc3 Ng4 8. Qxg4 Nxd4 9. Qd1 Nc6 10. Be2 d6 11. 0-0 Be6 12. Rc1 Qa5 13. Qb3 Qb4 14. Qxb4 Nxb4 15. f4 0-0 16. a3 Nc6 17. Nd5 Bxb2 18. Rb1 Bd4 19. Bxd4 Nxd4 1/2-1/2

[Event "IND-ch (Women) 48th"]
[Site "Hatkanangale"]
[Date "2023.01.04"]
[Round "10"]
[White "Velpula, Sarayu"]
[Black "Bristy, Mukherjee"]
[Result "1-0"]
[WhiteElo "1847"]
[BlackElo "1817"]
[PlyCount "119"]
[EventDate "2022.12.26"]
[EventType "swiss"]
[EventRounds "11"]
[EventCountry "IND"]
[SourceTitle "CBM 212 Extra"]
[Source "ChessBase"]
[SourceDate "2023.03.31"]
[SourceVersion "1"]
[SourceVersionDate "2023.03.31"]
[SourceQuality "1"]

1. e4 c6 2. d4 d5 3. exd5 cxd5 4. Bd3 Nc6 5. c3 Nf6 6. Bf4 Bg4 7. Qb3 Qd7 8. Nd2 e6 9. Ngf3 Bd6 10. Bxd6 Qxd6 11. 0-0 0-0 12. Rae1 Ne7 13. Ne5 Bf5 14. Bxf5 Nxf5 15. Qb5 Qa6 16. Qxa6 bxa6 17. Nb3 Rfc8 18. Nd3 Rab8 19. Nbc5 Rb6 20. Re2 Nd6 21. f3 Rc7 22. b4 Nc4 23. a4 Nd7 24. a5 Rd6 25. f4 g6 26. g4 Nf6 27. Ne5 Na3 28. f5 exf5 29. gxf5 g5 30. Rg2 h6 31. h4 Nh7 32. hxg5 hxg5 33. Rf3 Rh6 34. Ng4 Rh5 35. Ne3 Nf6 36. Rfg3 Nb5 37. Rxg5+ Rxg5 38. Rxg5+ Kf8 39. Nd1 Re7 40. Kf2 Ne4+ 41. Nxe4 Rxe4 42. f6 Rf4+ 43. Ke2 Rxf6 44. Rxd5 Re6+ 45. Kd2 Nd6 46. Kd3 Rh6 47. Ne3 Ke8 48. c4 Nc8 49. Re5+ Kd7 50. d5 Rh4 51. Rf5 Ke8 52. Rf6 Rh3 53. d6 Kd7 54. c5 Rh7 55. Nc4 Rh3+ 56. Kd4 Rh4+ 57. Kd5 Rh5+ 58. Ne5+ Ke8 59. d7+ Ke7 60. Rxf7+ 1-0

[Event "IND-ch (Women) 48th"]
[Site "Hatkanangale"]
[Date "2022.12.27"]
[Round "2"]
[White "Bristy, Mukherjee"]
[Black "Arpita, Mukherjee"]
[Result "1-0"]
[WhiteElo "1817"]
[BlackElo "2211"]
[PlyCount "69"]
[EventDate "2022.12.26"]
[EventType "swiss"]
[EventRounds "11"]
[EventCountry "IND"]
[SourceTitle "CBM 212 Extra"]
[Source "ChessBase"]
[SourceDate "2023.03.31"]
[SourceVersion "1"]
[SourceVersionDate "2023.03.31"]
[SourceQuality "1"]

1. f4 d5 2. Nf3 g6 3. e3 Bg7 4. d4 c5 5. c3 cxd4 6. exd4 Nc6 7. Bd3 Bg4 8. Nbd2 Bxf3 9. Nxf3 e6 10. 0-0 Nge7 11. Bd2 0-0 12. Qe2 Qb6 13. Rab1 Rfe8 14. Kh1 Nf5 15. g4 Nd6 16. g5 Ne7 17. h4 Nef5 18. Rg1 Qc6 19. Rbe1 a6 20. Qh2 b5 21. Ne5 Qb7 22. Re2 b4 23. Be1 Rac8 24. Ng4 bxc3 25. bxc3 Kf8 26. Nf6 Bxf6 27. gxf6 h5 28. Qg2 Rb8 29. Re5 Ne4 30. Bxe4 dxe4 31. Rxe4 Qd5 32. Re5 Qc4 33. Rc5 Qd3 34. Rc7 Rb1 35. Rxf7+ 1-0

[Event "Titled Tuesday intern op 22nd Nov Early"]
[Site "Chess.com INT"]
[Date "2022.11.22"]
[Round "4"]
[White "Bristy, Mukherjee"]
[Black "Darini, Pouria"]
[Result "0-1"]
[WhiteElo "1797"]
[BlackElo "2405"]
[PlyCount "102"]
[EventDate "2022.11.22"]
[EventType "swiss (blitz)"]
[EventRounds "11"]
[EventCountry "USA"]
[SourceTitle "CBM 211 Extra"]
[Source "ChessBase"]
[SourceDate "2023.01.31"]
[SourceVersion "1"]
[SourceVersionDate "2023.01.31"]
[SourceQuality "1"]

1. d4 Nf6 2. Bg5 e6 3. Nd2 c5 4. e3 Nc6 5. c3 h6 6. Bh4 d5 7. f4 Qb6 8. Rb1 cxd4 9. exd4 Bd6 10. Qf3 Qc7 11. Nh3 Ne7 12. Bd3 Bd7 13. 0-0 0-0-0 14. c4 dxc4 15. Nxc4 Bc6 16. Qe2 Nf5 17. Bxf5 exf5 18. Bxf6 gxf6 19. Rbc1 Kb8 20. Ne3 Qb6 21. Nxf5 Rhg8 22. Rf2 Rde8 23. Qh5 Bxg2 24. Rxg2 Rxg2+ 25. Kxg2 Qxb2+ 26. Nf2 Qxc1 27. Nxd6 Qc6+ 28. Nde4 Rxe4 29. Nxe4 Qxe4+ 30. Kg3 Qd3+ 31. Kg2 Qd2+ 32. Kg3 Qd3+ 33. Kg2 Qxd4 34. Qxf7 Qxf4 35. Qd7 Qe4+ 36. Kg3 Qe5+ 37. Kg2 Qb2+ 38. Kg3 Qc3+ 39. Kg2 Qc2+ 40. Kg1 Qc1+ 41. Kf2 Qc5+ 42. Kf1 a5 43. Qd8+ Ka7 44. Qh8 Qc4+ 45. Kg1 Qd4+ 46. Kf1 Qa1+ 47. Kg2 Qxa2+ 48. Kh3 Qe6+ 49. Kg2 Qc6+ 50. Kg1 f5 51. Qd4+ Qb6 0-1

[Event "Titled Tuesday intern op 22nd Nov Early"]
[Site "Chess.com INT"]
[Date "2022.11.22"]
[Round "7"]
[White "Bristy, Mukherjee"]
[Black "Garmash, Aliona"]
[Result "0-1"]
[WhiteElo "1797"]
[BlackElo "2080"]
[PlyCount "60"]
[EventDate "2022.11.22"]
[EventType "swiss (blitz)"]
[EventRounds "11"]
[EventCountry "USA"]
[SourceTitle "CBM 211 Extra"]
[Source "ChessBase"]
[SourceDate "2023.01.31"]
[SourceVersion "1"]
[SourceVersionDate "2023.01.31"]
[SourceQuality "1"]

1. d4 d5 2. Bg5 h6 3. Bh4 c6 4. c3 Bf5 5. Nd2 Nd7 6. Qb3 Qb6 7. Qxb6 axb6 8. Ngf3 e6 9. e3 Ngf6 10. Bxf6 Nxf6 11. Be2 Be7 12. 0-0 b5 13. Ne5 0-0 14. Bd3 Bxd3 15. Nxd3 b6 16. a3 c5 17. Rae1 Rfc8 18. h3 Ra4 19. Kh1 b4 20. axb4 cxb4 21. b3 Ra2 22. Nb1 bxc3 23. Rc1 Ne4 24. Kg1 Rc7 25. f3 Ng3 26. Rf2 Ne2+ 27. Kf1 Nxc1 28. Nxc1 Rxf2+ 29. Kxf2 c2 30. Nd2 Ba3 0-1

[Event "Titled Tuesday intern op 22nd Nov Early"]
[Site "Chess.com INT"]
[Date "2022.11.22"]
[Round "6"]
[White "Gurevich, Dmitry"]
[Black "Bristy, Mukherjee"]
[Result "1-0"]
[WhiteElo "2396"]
[BlackElo "1797"]
[PlyCount "55"]
[EventDate "2022.11.22"]
[EventType "swiss (blitz)"]
[EventRounds "11"]
[EventCountry "USA"]
[SourceTitle "CBM 211 Extra"]
[Source "ChessBase"]
[SourceDate "2023.01.31"]
[SourceVersion "1"]
[SourceVersionDate "2023.01.31"]
[SourceQuality "1"]

1. d4 f5 2. Nf3 Nf6 3. Bg5 e6 4. Nbd2 d5 5. e3 Be7 6. c4 c6 7. Bd3 0-0 8. 0-0 Ne4 9. Bxe7 Qxe7 10. Ne5 Nd7 11. Nxd7 Bxd7 12. f3 Nxd2 13. Qxd2 Be8 14. Rae1 Bg6 15. Qc3 Kh8 16. b4 a5 17. bxa5 Qc7 18. Rb1 Rxa5 19. Rxb7 Qxb7 20. Qxa5 Ra8 21. Qd2 Qa7 22. Rb1 h6 23. Rb2 Qa3 24. c5 Be8 25. h3 Qa4 26. Kh2 f4 27. Rb4 fxe3 28. Rxa4 1-0

[Event "Titled Tuesday intern op 09th Aug Early"]
[Site "Chess.com INT"]
[Date "2022.08.09"]
[Round "6"]
[White "Bristy, Mukherjee"]
[Black "Ferreira, Vitor Hugo Vieira"]
[Result "1-0"]
[WhiteElo "1815"]
[BlackElo "2128"]
[PlyCount "123"]
[EventDate "2022.08.09"]
[EventType "swiss (blitz)"]
[EventRounds "11"]
[EventCountry "USA"]
[SourceTitle "EXT 2023"]
[Source "ChessBase"]
[SourceDate "2022.10.05"]
[SourceVersion "1"]
[SourceVersionDate "2022.10.05"]
[SourceQuality "1"]

1. d4 d5 2. c3 Nf6 3. Bg5 Nbd7 4. Nd2 e6 5. e3 b6 6. f4 Bb7 7. Bd3 h6 8. Bh4 g5 9. Bg3 Ne4 10. Ngf3 Nxg3 11. hxg3 Bg7 12. Ne5 Nxe5 13. fxe5 Qe7 14. Qa4+ Qd7 15. Qxd7+ Kxd7 16. 0-0 Raf8 17. e4 f6 18. exf6 Bxf6 19. exd5 exd5 20. Bf5+ Kd6 21. Rae1 Re8 22. Bg6 Rxe1 23. Rxe1 c5 24. dxc5+ bxc5 25. Bf5 Bc8 26. Rf1 Be5 27. Bxc8 Rxc8 28. Kh2 h5 29. Nf3 Rf8 30. Re1 Bf6 31. Re2 d4 32. Nd2 Bd8 33. Kg1 dxc3 34. bxc3 Kc6 35. c4 Bf6 36. Re6+ Kb7 37. Nb3 Kc7 38. Ra6 Kb8 39. Kh2 Be5 40. Nxc5 Rf7 41. Re6 Bg7 42. Re8+ Kc7 43. Ne6+ Kd7 44. Nxg7 Rxg7 45. Re5 Kd6 46. Rd5+ Kc6 47. Kg1 h4 48. gxh4 gxh4 49. Kh2 Rg4 50. Ra5 Kb6 51. Ra4 a5 52. c5+ Kb5 53. Rxg4 h3 54. gxh3 a4 55. h4 Kc6 56. Kh3 a3 57. h5 Kd5 58. h6 Ke5 59. h7 Kf6 60. h8Q+ Kf5 61. Qh5+ Ke6 62. Rg6+ 1-0

[Event "Titled Tuesday intern op 09th Aug Early"]
[Site "Chess.com INT"]
[Date "2022.08.09"]
[Round "3"]
[White "Bristy, Mukherjee"]
[Black "Shohat, Yotam"]
[Result "0-1"]
[WhiteElo "1815"]
[BlackElo "2307"]
[PlyCount "60"]
[EventDate "2022.08.09"]
[EventType "swiss (blitz)"]
[EventRounds "11"]
[EventCountry "USA"]
[SourceTitle "EXT 2023"]
[Source "ChessBase"]
[SourceDate "2022.10.05"]
[SourceVersion "1"]
[SourceVersionDate "2022.10.05"]
[SourceQuality "1"]

1. d4 Nf6 2. c3 g6 3. Bg5 Bg7 4. e3 0-0 5. Nd2 d5 6. h4 h6 7. Bf4 c5 8. dxc5 Nc6 9. Ngf3 Ng4 10. Nd4 e5 11. Nxc6 bxc6 12. Bg3 f5 13. h5 f4 14. Be2 fxg3 15. Bxg4 gxf2+ 16. Kf1 Qg5 17. Bxc8 Raxc8 18. hxg6 Qxe3 19. Rh3 Qg5 20. Qc2 e4 21. Nb3 Qxg6 22. Rd1 Rf5 23. Rd2 Rcf8 24. Re2 Qxg2+ 25. Kxg2 f1Q+ 26. Kh2 Be5+ 27. Rg3+ Bxg3+ 28. Kxg3 Rg5+ 29. Kh4 Qf4+ 30. Kh3 Qg3# 0-1

[Event "Titled Tuesday intern op 09th Aug Early"]
[Site "Chess.com INT"]
[Date "2022.08.09"]
[Round "5"]
[White "Bristy, Mukherjee"]
[Black "Vagman, Roy"]
[Result "0-1"]
[WhiteElo "1815"]
[BlackElo "2313"]
[PlyCount "88"]
[EventDate "2022.08.09"]
[EventType "swiss (blitz)"]
[EventRounds "11"]
[EventCountry "USA"]
[SourceTitle "EXT 2023"]
[Source "ChessBase"]
[SourceDate "2022.10.05"]
[SourceVersion "1"]
[SourceVersionDate "2022.10.05"]
[SourceQuality "1"]

1. d4 Nf6 2. Bg5 d5 3. e3 e6 4. Nd2 Be7 5. Bd3 c5 6. c3 Nc6 7. f4 h6 8. Bh4 cxd4 9. exd4 Nd7 10. Bg3 g5 11. Ngf3 g4 12. Ne5 Ndxe5 13. fxe5 h5 14. Qe2 Bg5 15. 0-0-0 Bd7 16. Rhf1 Qc7 17. Bf4 Nxd4 18. Qe3 Be7 19. Kb1 Nc6 20. Rde1 0-0-0 21. Bh6 Qxe5 22. Rxf7 Rxh6 23. Qxe5 Nxe5 24. Rxe5 Bd6 25. Re2 Bxh2 26. Nb3 e5 27. Nc5 e4 28. Nxd7 Rxd7 29. Rxd7 Kxd7 30. Bc2 Rf6 31. b3 Rf1+ 32. Kb2 Bf4 33. c4 e3 34. cxd5 h4 35. Bf5+ Kd6 36. Bxg4 Kxd5 37. Kc3 Ke4 38. Bf3+ Rxf3 39. gxf3+ Kxf3 40. Kd3 h3 41. Re1 h2 42. a4 e2 43. Rh1 Bg3 44. Kd2 e1Q+ 0-1

[Event "IND-ch U19 Girls"]
[Site "Pune"]
[Date "2022.07.19"]
[Round "10"]
[White "Bristy, Mukherjee"]
[Black "Bhagyashree, Patil"]
[Result "0-1"]
[WhiteElo "1871"]
[BlackElo "1908"]
[PlyCount "74"]
[EventDate "2022.07.12"]
[EventType "swiss"]
[EventRounds "11"]
[EventCountry "IND"]
[SourceTitle "EXT 2023"]
[Source "ChessBase"]
[SourceDate "2022.10.05"]
[SourceVersion "1"]
[SourceVersionDate "2022.10.05"]
[SourceQuality "1"]

1. f4 d5 2. e3 Nf6 3. Nf3 b6 4. Be2 Bb7 5. d3 Nbd7 6. 0-0 c5 7. Qe1 Qc7 8. Nc3 a6 9. Bd1 h6 10. e4 d4 11. Ne2 e6 12. c3 dxc3 13. Nxc3 Be7 14. a4 0-0 15. h3 Rfd8 16. g4 Ne8 17. Bc2 e5 18. g5 exf4 19. Qh4 Nf8 20. Bxf4 Qd7 21. Qg3 hxg5 22. Nxg5 Ne6 23. Bb3 Bxg5 24. Bxg5 Nxg5 25. Qxg5 Nd6 26. Rf3 c4 27. Bxc4 Nxc4 28. dxc4 Qd4+ 29. Qe3 Qxc4 30. Raf1 Rd7 31. Rg3 Re8 32. Rf4 Re6 33. Kh2 Rde7 34. Rgg4 b5 35. axb5 axb5 36. Qd2 b4 37. Qd8+ Re8 0-1

[Event "IND-ch U19 Girls"]
[Site "Pune"]
[Date "2022.07.16"]
[Round "7"]
[White "Rakshitta, Ravi"]
[Black "Bristy, Mukherjee"]
[Result "1-0"]
[WhiteElo "2185"]
[BlackElo "1871"]
[PlyCount "157"]
[EventDate "2022.07.12"]
[EventType "swiss"]
[EventRounds "11"]
[EventCountry "IND"]
[SourceTitle "EXT 2023"]
[Source "ChessBase"]
[SourceDate "2022.10.05"]
[SourceVersion "1"]
[SourceVersionDate "2022.10.05"]
[SourceQuality "1"]

1. Nf3 Nf6 2. g3 d6 3. d4 Nbd7 4. b3 g6 5. Bb2 Bg7 6. Bg2 0-0 7. 0-0 Re8 8. c4 e5 9. dxe5 Ng4 10. Qc2 Ndxe5 11. Nc3 Bf5 12. e4 Nxf3+ 13. Bxf3 Bd7 14. Bg2 Bc6 15. h3 Nf6 16. Rfe1 Nd7 17. Nd5 Bxb2 18. Qxb2 Bxd5 19. cxd5 Qf6 20. Qc2 Rac8 21. b4 Qd4 22. a3 Re7 23. Red1 Qb6 24. Rac1 Nf6 25. Kh2 Rce8 26. f3 h5 27. Qc3 Nh7 28. Qd4 Qxd4 29. Rxd4 Nf6 30. Rdc4 Rc8 31. h4 Ne8 32. a4 Ra8 33. a5 Kg7 34. Bf1 a6 35. Bd3 Rc8 36. Bc2 Nf6 37. Ba4 Kh6 38. Kg2 g5 39. hxg5+ Kxg5 40. Kf2 Kh6 41. Rb1 Ra8 42. Rbc1 Rc8 43. R1c2 Kg7 44. Re2 Rh8 45. Rec2 Rc8 46. Bb3 Kh6 47. R2c3 Kg7 48. Bc2 Ne8 49. Bd3 Nf6 50. Bf1 Ne8 51. Bh3 Rd8 52. Bf5 Kf6 53. Rc1 Rb8 54. Ke3 Ng7 55. Bh3 Ne8 56. Kd4 Kg5 57. f4+ Kh6 58. Bf5 f6 59. g4 Ng7 60. Rxc7 Nxf5+ 61. gxf5 Rbe8 62. Rxe7 Rxe7 63. Rh1 Re8 64. Rh2 Re7 65. Rh3 Re8 66. Kd3 Re7 67. Rh1 Re8 68. Ke3 Re7 69. Kf3 Re8 70. Rg1 Rf8 71. Rg6+ Kh7 72. Kg3 Re8 73. Rxf6 Rxe4 74. Rxd6 Rxb4 75. Kh4 Rxf4+ 76. Kg5 Ra4 77. Rd7+ Kg8 78. d6 Rxa5 79. Kg6 1-0

[Event "Titled Tuesday intern op 05th Jul Early"]
[Site "Chess.com INT"]
[Date "2022.07.05"]
[Round "1"]
[White "Bristy, Mukherjee"]
[Black "Nguyen, Quoc Hy"]
[Result "0-1"]
[WhiteElo "1871"]
[BlackElo "2268"]
[PlyCount "92"]
[EventDate "2022.07.05"]
[EventType "swiss (blitz)"]
[EventRounds "11"]
[EventCountry "USA"]
[SourceTitle "CBM 209 Extra"]
[Source "ChessBase"]
[SourceDate "2022.09.30"]
[SourceVersion "1"]
[SourceVersionDate "2022.09.30"]
[SourceQuality "1"]

1. e4 c5 2. Nc3 Nc6 3. f4 g6 4. Nf3 Bg7 5. Bb5 Nd4 6. 0-0 a6 7. Bc4 b5 8. Bd5 Rb8 9. d3 Nf6 10. Bb3 0-0 11. Nxd4 cxd4 12. Ne2 d6 13. Qe1 Qb6 14. Qh4 a5 15. a4 bxa4 16. Rxa4 Bd7 17. Ra3 Nxe4 18. Qxe7 Nc5 19. Ng3 Rbe8 20. Qh4 Nxb3 21. Rxb3 Qc5 22. f5 Qxc2 23. f6 Bh8 24. Rb6 Re6 25. Bh6 Rfe8 26. Qxd4 Bc6 27. Rxc6 Qxc6 28. Nf5 Qc5 29. Qxc5 dxc5 30. Ne7+ R8xe7 31. fxe7 Rxe7 32. b3 f5 33. Rc1 Bd4+ 34. Kf1 Rb7 35. Bd2 Rxb3 36. Bxa5 Rxd3 37. Bb6 Rd2 38. Bxc5 Rf2+ 39. Kg1 Rc2+ 40. Bxd4 Rxc1+ 41. Kf2 Rc2+ 42. Kf3 Kf7 43. h4 Ke6 44. g3 Kd5 45. Bf6 Ke6 46. Kf4 Kxf6 0-1

[Event "Titled Tuesday intern op 05th Jul Early"]
[Site "Chess.com INT"]
[Date "2022.07.05"]
[Round "10"]
[White "Cagara, Paulina"]
[Black "Bristy, Mukherjee"]
[Result "1-0"]
[WhiteElo "2045"]
[BlackElo "1871"]
[PlyCount "55"]
[EventDate "2022.07.05"]
[EventType "swiss (blitz)"]
[EventRounds "11"]
[EventCountry "USA"]
[SourceTitle "CBM 209 Extra"]
[Source "ChessBase"]
[SourceDate "2022.09.30"]
[SourceVersion "1"]
[SourceVersionDate "2022.09.30"]
[SourceQuality "1"]

1. e4 g6 2. d4 Bg7 3. Be3 c5 4. c3 cxd4 5. cxd4 Nc6 6. Nc3 d6 7. f3 Nf6 8. Nge2 0-0 9. g4 Qa5 10. Qa4 Qxa4 11. Nxa4 Nb4 12. Kd2 Bd7 13. Nac3 Rfc8 14. a3 Nc6 15. Ng3 Na5 16. Ke1 Ne8 17. h4 Nb3 18. Rd1 h6 19. h5 g5 20. Nf5 Bxf5 21. gxf5 a6 22. f4 gxf4 23. Bxf4 Nxd4 24. Nd5 Kf8 25. f6 Nxf6 26. Rxd4 e5 27. Nxf6 exd4 28. Bxd6# 1-0